| 000 | 00905nam a22002297a 4500 | ||
|---|---|---|---|
| 005 | 20221129100144.0 | ||
| 008 | 221129s2022 ck |||gr|||| 00| 0 spa d | ||
| 020 | _a9789587849721 | ||
| 040 |
_aCO-BoUCM _bspa _cDeissy Garcia _dDeissy Garcia |
||
| 041 | 0 | _aspa | |
| 245 | 1 | 3 |
_aEl derecho humano al agua _by los desafíos para su adecuada gestión en Colombia _cedición académica Diana Carolina Valencia Tello |
| 260 |
_aBogotá _bUniversidad del Rosario _c2022 |
||
| 300 | _axxi, 280 páginas | ||
| 504 | _aIncluye referencias bibliográficas | ||
| 650 | 7 |
_aDerecho al agua _zColombia _9176295 |
|
| 650 | 7 |
_97499 _aDerechos humanos |
|
| 650 | 7 |
_98241 _aAbastecimiento de agua _zColombia |
|
| 650 | 7 |
_aAgua _xLegislación _zColombia _947914 |
|
| 700 |
_986459 _aValencia Tello, Diana Carolina _eeditor |
||
| 942 |
_2DEWEY _a8 _cLIBROUR _e1 _h346.04691 _mD431 _n0 |
||
| 999 |
_c321907 _d321907 |
||